[Event "SR 2. liga A 2007/2008"]
[Site "?"]
[Date "2008.02.02"]
[Round "8.3"]
[White "Blatnicky, Miroslav"]
[Black "Janos, Jozef"]
[Result "0-1"]
[WhiteElo "2163"]
[BlackElo "2256"]
[PlyCount "78"]
[EventDate "2007.??.??"]
[WhiteTeam "Piestany"]
[BlackTeam "Dopr. Podnik BA"]
[WhiteTeamCountry "SVK"]
[BlackTeamCountry "SVK"]

1. e4 c5 2. Nf3 e6 3. Nc3 a6 4. d4 cxd4 5. Nxd4 Qc7 6. Bd3 Nf6 7. O-O d6 8. Bg5
Nbd7 9. Kh1 Be7 10. f4 h6 11. Bh4 b5 12. a3 Bb7 13. Qe2 Qc5 14. Nb3 Qh5 15.
Qxh5 Nxh5 16. Bxe7 Kxe7 17. Rad1 Rac8 18. Rd2 g5 19. f5 Ne5 20. Na5 Ba8 21.
Rfd1 Nf6 22. fxe6 fxe6 23. a4 bxa4 24. Bxa6 Rxc3 25. bxc3 Nxe4 26. Re2 Nxc3 27.
Ra1 Nxe2 28. Bxe2 Rb8 29. Kg1 Rb2 30. Rxa4 Rxc2 31. Bf1 Bd5 32. Rb4 Rc1 33. h3
Ra1 34. Rb5 Nc4 35. Nb3 Rb1 36. Nd4 Rd1 37. Nc2 Rc1 38. Nb4 Ne3 39. Nxd5+ exd5
0-1

[Event "SR 2. liga A 2007/2008"]
[Site "?"]
[Date "2008.02.02"]
[Round "8.3"]
[White "Gazi, Mikulas"]
[Black "Gajarsky, Roman"]
[Result "1/2-1/2"]
[WhiteElo "2184"]
[BlackElo "1981"]
[PlyCount "58"]
[EventDate "2007.??.??"]
[WhiteTeam "Slovakia"]
[BlackTeam "Slovakia"]
[WhiteTeamCountry "SVK"]
[BlackTeamCountry "SVK"]

1. e4 e5 2. Nf3 Nc6 3. Bb5 Nf6 4. O-O d6 5. d4 exd4 6. Nxd4 Bd7 7. c4 Be7 8.
Nc3 O-O 9. h3 Nxd4 10. Qxd4 Bxb5 11. cxb5 a6 12. bxa6 Rxa6 13. Be3 Nd7 14. Nd5
Re8 15. Rfd1 Nb6 16. Qc3 Nxd5 17. exd5 Bf6 18. Qc2 Qd7 19. Qb3 c5 20. dxc6 bxc6
21. Qd3 Rea8 22. Qxd6 Qxd6 23. Rxd6 Bxb2 24. Rad1 h6 25. Rd8+ Kh7 26. Rxa8 Rxa8
27. Rd6 Rxa2 28. Rxc6 Ra1+ 29. Kh2 Be5+ 1/2-1/2

[Event "SR 2. liga A 2007/2008"]
[Site "?"]
[Date "2008.02.03"]
[Round "8.3"]
[White "Hartl, Jan"]
[Black "Kleman, Miroslav"]
[Result "1-0"]
[WhiteElo "2186"]
[BlackElo "2117"]
[Annotator ",Kaiko"]
[PlyCount "57"]
[EventDate "2007.??.??"]
[WhiteTeam "Slovakia"]
[BlackTeam "Slovakia"]
[WhiteTeamCountry "SVK"]
[BlackTeamCountry "SVK"]
[TimeControl "240+2"]

{74MB, Hiarcs10.ctg} 1. e4 d6 2. d4 Nf6 3. Nc3 Nbd7 4. f4 e5 5. Nf3 exd4 6.
Nxd4 Be7 7. Be2 O-O 8. O-O Re8 9. Bf3 Bf8 10. Qe2 c6 11. Kh1 Nxe4 12. Bxe4 d5
13. Bxh7+ Kxh7 14. Qh5+ Kg8 15. f5 Nf6 16. Qh4 Nh7 17. f6 Nxf6 18. Bg5 Be7 19.
Rae1 Ne4 20. Nxe4 dxe4 21. Qxe4 f6 22. Bxf6 gxf6 23. Qg6+ Kf8 24. Rf4 Bh3 25.
Qh6+ Kf7 26. Qh7+ Kf8 27. Qxh3 Bd6 28. Qh8+ Kf7 29. Rxe8 1-0

[Event "SR 2. liga A 2007/2008"]
[Site "?"]
[Date "2008.02.02"]
[Round "8.3"]
[White "Jurcak, Marian"]
[Black "Hecko, Dusan"]
[Result "1/2-1/2"]
[WhiteElo "1890"]
[BlackElo "2123"]
[Annotator "Fritz 9 (20s)"]
[PlyCount "163"]
[EventDate "2007.??.??"]
[WhiteTeam "Slovakia"]
[BlackTeam "Slovakia"]
[WhiteTeamCountry "SVK"]
[BlackTeamCountry "SVK"]

{B19: Classical Caro-Kann: 4...Bf5 main line} 1. e4 c6 2. d4 d5 3. Nc3 dxe4 4.
Nxe4 Bf5 5. Ng3 Bg6 6. h4 h6 7. Nf3 Nd7 8. h5 Bh7 9. Bd3 Bxd3 10. Qxd3 Qc7 11.
Bd2 e6 12. O-O-O Ngf6 13. Rhe1 $2 O-O-O 14. Qe2 Bd6 15. Ne5 Rhf8 16. Kb1 c5 17.
Nxd7 Rxd7 18. dxc5 Bxc5 (18... Bxg3 19. fxg3 Rfd8 20. Bf4 Rxd1+ 21. Rxd1 Rxd1+
22. Qxd1 Qxc5 23. g4 $15) 19. Bc3 $11 Rfd8 20. Rxd7 Qxd7 21. b3 (21. Bxf6 $5
gxf6 22. Ne4 $11) 21... Qd5 22. Ne4 Nxh5 (22... Nxe4 23. Qxe4 Bxf2 $17) 23.
Nxc5 Qxc5 24. Qf3 Rd5 25. g4 $11 Nf6 26. Bxf6 gxf6 $15 27. Qxf6 Rd2 28. Rc1
Rxf2 29. Qxh6 a6 30. Qh7 Qd4 31. g5 Qg4 $4 {
cierny tymto tahom straca iniciativu} (31... Kb8 $142 $15) 32. Qh8+ $18 Kc7 33.
Qe5+ Kd7 $16 34. Qe3 (34. g6 fxg6 35. Qg7+ Kd6 36. Qxb7 $14) 34... Rf5 $14 35.
Rg1 Qf3 $11 36. Qd4+ Rd5 37. Qa4+ Ke7 38. Qb4+ Ke8 39. Qc4 Rd1+ 40. Rxd1 Qxd1+
41. Kb2 Qf3 42. Qc8+ Ke7 43. Qc7+ Kf8 44. Qe5 Kg8 45. a4 Kh7 46. Qh2+ Kg6 47.
Qh6+ Kf5 48. Qf6+ Kg4 49. Qe7 Qf5 $2 (49... Qd5 50. Qxf7 Kxg5 51. Ka2 $11) 50.
Qxb7 $16 Kxg5 51. Qxa6 Qe5+ 52. c3 f5 53. Qb5 Qe3 54. b4 (54. a5 $5 $16) 54...
Kg4 $14 55. a5 f4 56. a6 f3 57. Qc4+ Kg3 $4 (57... Kf5 $142 $11) 58. Qc7+ $18
Kg2 59. a7 Qd2+ 60. Kb3 Qd1+ 61. Kb2 $4 (61. Ka2 Qd5+ 62. c4 Qe4 63. Qg7+ Kf2
$18) 61... Qd2+ 62. Ka3 Qc1+ 63. Ka4 Qa1+ 64. Kb5 f2 65. Qg7+ Kf3 66. Qf8+ Ke3
67. a8=Q f1=Q+ 68. Qxf1 Qxf1+ 69. c4 e5 70. Kc5 e4 71. b5 Qf5+ 72. Kb6 $4 {
nestastny tah zahadzuje vyhru} (72. Qd5 $142 Qf8+ 73. Kb6 Qf6+ 74. Qc6 Qd4+ 75.
c5 $18) 72... Kd4 $11 73. Qc6 e3 $19 74. c5 (74. Qd6+ Kxc4 75. Qc7+ Kd4 76.
Qd6+ Qd5 $17) 74... e2 75. Qd6+ Kc4 (75... Ke3 $142 76. Qg3+ Kd2 77. Qd6+ Kc2
$17) 76. Qe7 $11 Kd3 77. c6 Qf2+ 78. Kb7 e1=Q 79. Qxe1 Qxe1 80. c7 Qe4+ 81. Kb8
Qe8+ 82. c8=Q 1/2-1/2

[Event "SR 2. liga A 2007/2008"]
[Site "?"]
[Date "2008.02.02"]
[Round "8.3"]
[White "Petenyi, Tamas"]
[Black "Kubon, Kamil"]
[Result "1-0"]
[WhiteElo "2196"]
[BlackElo "2058"]
[PlyCount "55"]
[EventDate "2007.??.??"]
[WhiteTeam "Slovakia"]
[BlackTeam "Slovakia"]
[WhiteTeamCountry "SVK"]
[BlackTeamCountry "SVK"]

1. e4 e6 2. d4 d5 3. Nd2 Nf6 4. e5 Nfd7 5. Bd3 c5 6. c3 Nc6 7. Ne2 Be7 8. O-O
O-O 9. Nf3 cxd4 10. cxd4 f5 11. exf6 Nxf6 12. Bg5 Nh5 13. Bxe7 Qxe7 14. Ng3 Nf4
15. Re1 Bd7 16. Ne5 Nxe5 17. Rxe5 Qf6 18. f3 Rac8 19. Qd2 Be8 20. Bf5 Qh6 21.
Bxe6+ Bf7 22. Bxf7+ Rxf7 23. Rd1 Qg6 24. Rc1 Rcf8 25. Re3 h5 26. Qc2 Qg5 27.
Re5 Qh4 28. Rce1 1-0

[Event "SR 2. liga A 2007/2008"]
[Site "?"]
[Date "2008.02.02"]
[Round "8.4"]
[White "Cibicek, Jozef"]
[Black "Csiba, Dominik"]
[Result "1-0"]
[WhiteElo "1994"]
[BlackElo "2131"]
[PlyCount "59"]
[EventDate "2007.??.??"]
[WhiteTeam "Slovakia"]
[BlackTeam "Slovakia"]
[WhiteTeamCountry "SVK"]
[BlackTeamCountry "SVK"]

1. e4 c5 2. Nf3 d6 3. d4 cxd4 4. Nxd4 Nf6 5. Nc3 a6 6. Bg5 e6 7. f4 Nbd7 8. Bc4
b5 9. Bb3 Qc7 10. a3 Bb7 11. Qe2 Rc8 12. O-O-O Qa5 13. Bd5 exd5 14. Nxd5 h6 15.
e5 dxe5 16. Bxf6 gxf6 17. Nxf6+ Nxf6 18. Qxe5+ Be7 19. Rhe1 Qc7 20. Qxf6 Rg8
21. Re2 Bd5 22. Qxh6 Rd8 23. Nf5 Be6 24. Rxd8+ Kxd8 25. Nxe7 Kxe7 26. Qh4+ Kd7
27. f5 Qc5 28. fxe6+ fxe6 29. Qh7+ Kc6 30. Rxe6+ 1-0

[Event "SR 2. liga A 2007/2008"]
[Site "?"]
[Date "????.??.??"]
[Round "8.4"]
[White "Diviak, Rastislav"]
[Black "Sosovicka, Juraj"]
[Result "1/2-1/2"]
[WhiteElo "2016"]
[BlackElo "1719"]
[Annotator "Jureak"]
[PlyCount "83"]
[EventDate "2007.??.??"]
[WhiteTeam "Slovakia"]
[BlackTeam "Slovakia"]
[WhiteTeamCountry "SVK"]
[BlackTeamCountry "SVK"]

1. e4 e5 2. Nf3 Nc6 3. Bb5 a6 4. Ba4 Nf6 5. O-O Be7 6. Re1 b5 7. Bb3 d6 8. c3
O-O 9. h3 Na5 10. Bc2 c5 11. d4 Qc7 12. Nbd2 cxd4 13. cxd4 Nc6 14. Nb3 a5 15.
Be3 a4 16. Nbd2 Bd7 17. Rc1 Qb7 18. d5 Nb4 19. Bb1 Rfc8 20. Qe2 Bd8 21. Nf1 Bb6
22. Ng3 g6 23. Bg5 Ne8 24. Nh2 Rxc1 25. Rxc1 Rc8 26. Qd2 Rxc1+ 27. Qxc1 Qc8 28.
Qd2 Na6 29. Bd3 Nc5 30. Be2 Bd8 31. Ng4 Bxg5 32. Qxg5 Kh8 33. Qe7 Kg7 34. Qg5
Kh8 35. Qh6 Kg8 36. Qh4 Kg7 37. Qe7 Qc7 38. Qg5 Kh8 39. Nf6 Nxf6 40. Qxf6+ Kg8
41. Qe7 Qb6 42. Qg5 1/2-1/2

[Event "SR 2. liga A 2007/2008"]
[Site "?"]
[Date "2008.02.03"]
[Round "8.4"]
[White "Polacik, Igor"]
[Black "Janos, Ivan"]
[Result "1-0"]
[WhiteElo "2130"]
[BlackElo "2135"]
[Annotator ",Kaiko"]
[PlyCount "103"]
[EventDate "2007.??.??"]
[WhiteTeam "Slovakia"]
[BlackTeam "Slovakia"]
[WhiteTeamCountry "SVK"]
[BlackTeamCountry "SVK"]
[TimeControl "240+2"]

{74MB, Hiarcs10.ctg} 1. e4 c5 2. Nf3 Nc6 3. d4 cxd4 4. Nxd4 g6 5. c4 Bg7 6. Be3
Nf6 7. Nc3 Ng4 8. Qxg4 Nxd4 9. Qd1 Ne6 10. Qd2 Qa5 11. Be2 d6 12. O-O O-O 13.
Nd5 Qxd2 14. Nxe7+ Kh8 15. Bxd2 Nc5 16. Bf4 Bxb2 17. Bxd6 Bxa1 18. Rxa1 Nxe4
19. Nxg6+ hxg6 20. Bxf8 Be6 21. Bb4 Rc8 22. f3 Nc5 23. Rd1 Kg7 24. Bc3+ f6 25.
h4 Nd7 26. Bd4 b6 27. Rc1 Ne5 28. c5 bxc5 29. Rxc5 Rxc5 30. Bxc5 Bxa2 31. Bxa7
Bb1 32. g4 Ba2 33. Kf2 Be6 34. Bd4 Nc6 35. Bc3 Kf7 36. Kg3 Ne7 37. Bd3 Nd5 38.
Bd2 Ne7 39. f4 Kg7 40. Bc3 Nd5 41. Bb2 Kf7 42. Bd4 Ne7 43. Be2 Bd5 44. Bf3 Bc4
45. Bc3 Ng8 46. Kf2 Nh6 47. Bd2 f5 48. g5 Ng8 49. Bb4 Ke6 50. h5 gxh5 51. Bxh5
Bb3 52. Ke3 1-0

[Event "SR 2. liga A 2007/2008"]
[Site "?"]
[Date "2008.02.06"]
[Round "8.4"]
[White "Skreno, Vladimir"]
[Black "Biro, Karol"]
[Result "1-0"]
[WhiteElo "2188"]
[BlackElo "2063"]
[Annotator " , "]
[PlyCount "49"]
[EventDate "2007.??.??"]
[WhiteTeam "Slovakia"]
[BlackTeam "Slovakia"]
[WhiteTeamCountry "SVK"]
[BlackTeamCountry "SVK"]
[TimeControl "240+2"]

{158MB, N200109SVK} 1. d4 {0} d6 2. Nf3 Nf6 3. c4 g6 4. Nc3 Bg7 5. e4 O-O 6.
Be2 c6 7. O-O Nbd7 8. Re1 e5 9. Bg5 h6 10. Bxf6 Qxf6 11. d5 Qe7 12. dxc6 bxc6
13. Qa4 Bb7 14. Qa5 Nc5 15. b4 Ne6 16. Rad1 f5 17. c5 dxc5 18. exf5 Rxf5 19.
Bc4 Kh7 20. Bxe6 Qxe6 21. bxc5 Rf4 22. Rd6 Qe7 23. Nxe5 Bxe5 24. Rxe5 Qxe5 25.
Qc7+ 1-0

[Event "SR 2. liga A 2007/2008"]
[Site "?"]
[Date "2008.02.02"]
[Round "8.4"]
[White "Slamena, Michal"]
[Black "Petrik, Karol"]
[Result "0-1"]
[WhiteElo "1944"]
[BlackElo "2167"]
[Annotator " , "]
[PlyCount "84"]
[EventDate "2007.??.??"]
[WhiteTeam "Slovakia"]
[BlackTeam "Slovakia"]
[WhiteTeamCountry "SVK"]
[BlackTeamCountry "SVK"]

1. e4 {0} d5 2. exd5 Qxd5 3. Nc3 Qd6 4. d4 a6 5. Nf3 Bf5 6. Bd3 Bxd3 7. Qxd3
Nf6 8. Bg5 Nc6 9. O-O-O O-O-O 10. Rhe1 h6 11. Bh4 Qf4+ 12. Kb1 e6 13. Bg3 Qg4
14. Qc4 Bd6 15. Na4 Bxg3 16. hxg3 Ne4 17. Qe2 Nd6 18. Nc5 Nb5 19. c3 Kb8 20. a4
Nd6 21. Nxa6+ bxa6 22. Qxa6 Qf5+ 23. Kc1 Qd5 24. Ne5 Nxe5 25. dxe5 Qb7 26. Qd3
Nf5 27. Qxd8+ Rxd8 28. Rxd8+ Ka7 29. g4 Qxg2 30. gxf5 Qg5+ 31. Rd2 exf5 32. e6
fxe6 33. Rxe6 h5 34. Kc2 h4 35. Re3 f4 36. Red3 Qf5 37. f3 h3 38. Kb3 Qh5 39.
Rd7 Kb6 40. R2d5 Qxf3 41. Rb5+ Kc6 42. Rxg7 h2 0-1

[Event "SR 2. liga A 2007/2008"]
[Site "?"]
[Date "2008.02.02"]
[Round "8.5"]
[White "Bebiak, Jozef"]
[Black "Goga, Frantisek"]
[Result "1-0"]
[WhiteElo "2152"]
[BlackElo "2004"]
[PlyCount "57"]
[EventDate "2007.??.??"]
[WhiteTeam "Slovakia"]
[BlackTeam "Slovakia"]
[WhiteTeamCountry "SVK"]
[BlackTeamCountry "SVK"]

1. e4 c5 2. c3 Nf6 3. e5 Nd5 4. d4 cxd4 5. cxd4 Nc6 6. Nc3 Nb6 7. Nf3 e6 8. Bg5
Be7 9. Ne4 Bxg5 10. Nfxg5 Nd5 11. Nd6+ Ke7 12. Qd2 f6 13. Ngf7 Qf8 14. Nxh8
Qxh8 15. Bc4 Nb6 16. Bb3 a5 17. O-O a4 18. Bc2 Ra5 19. Be4 Nd5 20. Rac1 b6 21.
Nxc8+ Qxc8 22. exf6+ gxf6 23. Qh6 Qh8 24. Rfd1 f5 25. Bf3 Kd6 26. h3 Nxd4 27.
Rxd4 Qxd4 28. Qf8+ Ke5 29. Re1+ 1-0

[Event "SR 2. liga A 2007/2008"]
[Site "?"]
[Date "2008.02.02"]
[Round "8.5"]
[White "Hazir, Svetozar"]
[Black "Kollarik, Gorazd"]
[Result "1-0"]
[WhiteElo "2130"]
[BlackElo "1972"]
[Annotator " , "]
[PlyCount "115"]
[EventDate "2007.??.??"]
[WhiteTeam "Slovakia"]
[BlackTeam "Slovakia"]
[WhiteTeamCountry "SVK"]
[BlackTeamCountry "SVK"]

1. e4 {0} d5 2. exd5 Qxd5 3. Nc3 Qa5 4. d4 c6 5. Bd2 Bf5 6. Nf3 Nf6 7. Bc4 e6
8. Qe2 Bb4 9. O-O-O O-O 10. Ne5 Nd5 11. g4 Bg6 12. Nxg6 hxg6 13. Ne4 Bxd2+ 14.
Rxd2 Qc7 15. h4 Nd7 16. Ng5 Qd6 17. h5 gxh5 18. Qf3 N7f6 19. gxh5 Qf4 20. Qg2
Qg4 21. Bxd5 cxd5 22. f3 Qxg2 23. Rxg2 Kh8 24. Nh3 Kh7 25. Nf4 Kh6 26. Nd3 Nd7
27. f4 Rac8 28. Kd2 Rc6 29. c3 a5 30. a4 Rc4 31. b3 Rc7 32. Rhg1 Rg8 33. Rg5
Nf6 34. Nf2 Rc6 35. Ng4+ Nxg4 36. R1xg4 Rd6 37. Kd3 Rd7 38. f5 exf5 39. Rxf5
Re8 40. c4 dxc4+ 41. bxc4 b6 42. c5 bxc5 43. Rxc5 Ra8 44. Rgg5 Rad8 45. Rg4 Rd5
46. Kc4 Rxc5+ 47. dxc5 g5 48. hxg6 fxg6 49. c6 Rd1 50. Kb5 Rd8 51. c7 Rc8 52.
Kb6 Kh5 53. Rd4 g5 54. Rd8 Rxc7 55. Kxc7 g4 56. Kb6 g3 57. Rg8 Kh4 58. Kxa5 1-0

[Event "SR 2. liga A 2007/2008"]
[Site "?"]
[Date "2008.02.03"]
[Round "8.5"]
[White "Syrovy, Ivan"]
[Black "Flak, Juraj"]
[Result "0-1"]
[WhiteElo "2097"]
[BlackElo "2035"]
[Annotator ",Kaiko"]
[PlyCount "86"]
[EventDate "2007.??.??"]
[WhiteTeam "Slovakia"]
[BlackTeam "Slovakia"]
[WhiteTeamCountry "SVK"]
[BlackTeamCountry "SVK"]
[TimeControl "240+2"]

{74MB, Hiarcs10.ctg} 1. e4 e5 2. Nf3 Nc6 3. Bb5 a6 4. Ba4 Nf6 5. O-O Be7 6. Re1
b5 7. Bb3 O-O 8. h3 d6 9. c3 Na5 10. Bc2 c5 11. d4 Qc7 12. Nbd2 cxd4 13. cxd4
Nc6 14. d5 Nb4 15. Bb1 a5 16. a3 Na6 17. Bd3 Bd7 18. Nf1 Nc5 19. b3 Nxd3 20.
Qxd3 Rfc8 21. Bd2 Qc2 22. Qe3 a4 23. Rab1 axb3 24. Qxb3 Qxb3 25. Rxb3 Rc4 26.
Ng3 Bd8 27. Bb4 Ba5 28. Nd2 Bxb4 29. axb4 Rc2 30. Ngf1 Raa2 31. Rd1 Nh5 32. f3
Nf4 33. Kf2 f5 34. g3 Nxh3+ 35. Ke1 Ng5 36. exf5 Bxf5 37. Ke2 e4 38. Ne3 exf3+
39. Ke1 f2+ 40. Ke2 Bg4+ 41. Nxg4 Rxd2+ 42. Rxd2 Rxd2+ 43. Kf1 Ne4 0-1

[Event "SR 2. liga A 2007/2008"]
[Site "?"]
[Date "????.??.??"]
[Round "8.5"]
[White "Zitniak, Jozef"]
[Black "Blazkova, Barbora"]
[Result "1/2-1/2"]
[WhiteElo "1992"]
[BlackElo "1942"]
[Annotator "Jureak"]
[PlyCount "44"]
[EventDate "2007.??.??"]
[WhiteTeam "Slovakia"]
[BlackTeam "Slovakia"]
[WhiteTeamCountry "SVK"]
[BlackTeamCountry "SVK"]

1. e4 c5 2. Ne2 d6 3. d4 cxd4 4. Nxd4 Nf6 5. Bd3 a6 6. c3 e5 7. Nb3 Be7 8. Bg5
O-O 9. O-O Be6 10. N1d2 Nbd7 11. Qe2 Rc8 12. Rac1 Nb6 13. f3 Qc7 14. Rfd1 d5
15. Bxf6 Bxf6 16. Kh1 Nc4 17. Bxc4 dxc4 18. Na1 Rfd8 19. Nf1 Rxd1 20. Rxd1 Rd8
21. Nc2 Rxd1 22. Qxd1 Qd7 1/2-1/2

[Event "SR 2. liga A 2007/2008"]
[Site "?"]
[Date "????.??.??"]
[Round "8.6"]
[White "Diviak, Rudolf"]
[Black "Hurban, Martin"]
[Result "0-1"]
[WhiteElo "1889"]
[BlackElo "1897"]
[Annotator "Jureak"]
[PlyCount "104"]
[EventDate "2007.??.??"]
[WhiteTeam "Slovakia"]
[BlackTeam "Slovakia"]
[WhiteTeamCountry "SVK"]
[BlackTeamCountry "SVK"]

1. e4 e6 2. d4 d5 3. exd5 exd5 4. Bd3 Bd6 5. c3 Nd7 6. Qc2 Ndf6 7. Bg5 Bg4 8.
f3 Bh5 9. Nd2 Bg6 10. O-O-O Qd7 11. Re1+ Ne7 12. f4 h6 13. Bxf6 Bxd3 14. Qxd3
gxf6 15. g3 O-O-O 16. Ngf3 h5 17. Nh4 Rdg8 18. Re2 Ng6 19. Ndf3 Bxf4+ 20. gxf4
Nxf4 21. Qd2 Nxe2+ 22. Qxe2 Re8 23. Qd3 Re4 24. Rd1 Rhe8 25. Qc2 Qg4 26. Qb3
Qd7 27. Qc2 Qh3 28. a3 Re3 29. Qf2 Re2 30. Qf1 Qe6 31. Ng1 Qe3+ 32. Kb1 Rf2 33.
Qb5 c6 34. Qa4 Qe4+ 35. Ka2 Qxh4 36. Qxa7 Qxh2 37. Qa8+ Kc7 38. Qa5+ Kb8 39.
Qb4 h4 40. a4 Qc7 41. a5 Qd7 42. a6 Ka7 43. Qc5+ b6 44. Qb4 h3 45. c4 h2 46. c5
b5 47. Nh3 Qxh3 48. Qa5 Qc8 49. Qb6+ Ka8 50. Rh1 Ree2 51. Ka1 Rxb2 52. Re1 Rbe2
0-1

[Event "SR 2. liga A 2007/2008"]
[Site "?"]
[Date "2008.02.02"]
[Round "8.6"]
[White "Racik, Marek"]
[Black "Krajnak, Robert"]
[Result "1-0"]
[WhiteElo "1912"]
[BlackElo "2118"]
[Annotator " , "]
[PlyCount "55"]
[EventDate "2007.??.??"]
[WhiteTeam "Slovakia"]
[BlackTeam "Slovakia"]
[WhiteTeamCountry "SVK"]
[BlackTeamCountry "SVK"]

1. Nf3 {0} c5 {3} 2. g3 {6} b6 {3} 3. Bg2 {4} Bb7 4. O-O Nf6 5. c4 e6 6. b3 Be7
7. Bb2 O-O 8. Qc2 Qc7 9. Nc3 a6 10. Rad1 d6 11. e3 Nbd7 12. d4 Rac8 13. d5 exd5
14. Nxd5 Nxd5 15. cxd5 Rfe8 16. Rfe1 b5 17. e4 Nb6 18. Rc1 Bf8 19. b4 Nc4 20.
bxc5 dxc5 21. Ba1 Qe7 22. Nd2 Na3 23. Qb2 c4 24. Bf1 a5 25. Re3 Qd6 26. Qd4 Qb4
27. Bb2 Qa4 28. Rxa3 1-0

[Event "SR 2. liga A 2007/2008"]
[Site "?"]
[Date "2008.02.03"]
[Round "8.6"]
[White "Slovik, Vojtech"]
[Black "Michal, Silvio"]
[Result "0-1"]
[WhiteElo "2037"]
[BlackElo "2078"]
[Annotator ",Kaiko"]
[PlyCount "78"]
[EventDate "2007.??.??"]
[WhiteTeam "Slovakia"]
[BlackTeam "Slovakia"]
[WhiteTeamCountry "SVK"]
[BlackTeamCountry "SVK"]
[TimeControl "240+2"]

{74MB, Hiarcs10.ctg} 1. e4 Nf6 2. e5 Nd5 3. c4 Nb6 4. d4 d6 5. f4 dxe5 6. fxe5
Nc6 7. Be3 f6 8. Bd3 Be6 9. b3 Qd7 10. d5 Nxe5 11. dxe6 Qxd3 12. Qxd3 Nxd3+ 13.
Ke2 Nb4 14. Nc3 O-O-O 15. Nf3 g6 16. Rad1 Bg7 17. a3 f5 18. Bd4 Bxd4 19. Nxd4
Nc6 20. Nxc6 bxc6 21. c5 Nd5 22. Nxd5 Rxd5 23. Rxd5 cxd5 24. Ke3 c6 25. Kf4 h6
26. b4 Rf8 27. Rb1 a6 28. Rb3 Rf6 29. Re3 g5+ 30. Ke5 Kb7 31. a4 f4 32. Rf3 d4
33. h4 a5 34. b5 cxb5 35. axb5 a4 36. hxg5 hxg5 37. Ra3 g4 38. Kxd4 f3 39. gxf3
gxf3 0-1

[Event "SR 2. liga A 2007/2008"]
[Site "?"]
[Date "2008.02.02"]
[Round "8.6"]
[White "Tomanek, Rafael"]
[Black "Lesny, Stefan"]
[Result "1/2-1/2"]
[WhiteElo "1996"]
[BlackElo "2104"]
[PlyCount "82"]
[EventDate "2007.??.??"]
[WhiteTeam "Slovakia"]
[BlackTeam "Slovakia"]
[WhiteTeamCountry "SVK"]
[BlackTeamCountry "SVK"]

1. d4 d5 2. Nf3 e6 3. c4 c6 4. Nc3 f5 5. cxd5 exd5 6. Bf4 Nf6 7. e3 Be7 8. Bd3
O-O 9. O-O Ne4 10. h3 Nd7 11. Ne5 Qe8 12. Qc2 Bf6 13. Nxd7 Bxd7 14. f3 Nxc3 15.
bxc3 Qh5 16. Qb2 b6 17. Qc2 Be7 18. Be5 c5 19. Ba6 Bc6 20. a4 Qh6 21. Qe2 Bd6
22. Bxd6 Qxd6 23. Bd3 Rae8 24. f4 Re7 25. Rf3 c4 26. Bc2 g6 27. Qf2 Rfe8 28.
Qd2 Re6 29. Kf2 Qe7 30. g3 Bd7 31. Qc1 Kf8 32. Qa3 Rb8 33. g4 Rf6 34. g5 Qxa3
35. Rxa3 Re6 36. h4 Ke7 37. Rh3 Kd6 38. Rh1 Kc7 39. Raa1 a6 40. Rab1 Re7 41.
Ke2 Rbe8 1/2-1/2

[Event "SR 2. liga A 2007/2008"]
[Site "?"]
[Date "2008.02.02"]
[Round "8.7"]
[White "Obdrzalkova, Anita"]
[Black "Michalko, Peter"]
[Result "0-1"]
[WhiteElo "2064"]
[BlackElo "1605"]
[PlyCount "46"]
[EventDate "2007.??.??"]
[WhiteTeam "Slovakia"]
[BlackTeam "Slovakia"]
[WhiteTeamCountry "SVK"]
[BlackTeamCountry "SVK"]

1. d4 d5 2. Nf3 Nf6 3. c4 c6 4. e3 e6 5. Nc3 Nbd7 6. cxd5 exd5 7. Bd3 Bd6 8.
O-O O-O 9. e4 dxe4 10. Nxe4 Nxe4 11. Bxe4 Nf6 12. Bg5 h6 13. Bxf6 Qxf6 14. Qb3
Bg4 15. Qd3 Rfe8 16. Nd2 Rad8 17. f3 Bh5 18. g4 Bc5 19. Nb3 Bxd4+ 20. Nxd4 Rxd4
21. Qb3 Rd2 22. Rf2 Rxf2 23. Kxf2 Bxg4 0-1

[Event "SR 2. liga A 2007/2008"]
[Site "?"]
[Date "2008.02.02"]
[Round "8.7"]
[White "Raczko, Peter"]
[Black "Slamka, Michal"]
[Result "1-0"]
[WhiteElo "2012"]
[BlackElo "1703"]
[Annotator " , "]
[PlyCount "113"]
[EventDate "2007.??.??"]
[WhiteTeam "Slovakia"]
[BlackTeam "Slovakia"]
[WhiteTeamCountry "SVK"]
[BlackTeamCountry "SVK"]

1. e4 e5 2. Nf3 Nc6 3. Bc4 Bc5 4. c3 d6 5. O-O Qe7 6. d4 Bb6 7. d5 Nd8 8. Be3
f5 9. Bg5 Nf6 10. exf5 Bxf5 11. Nbd2 Nf7 12. Bb5+ Bd7 13. Bxd7+ Qxd7 14. Bxf6
gxf6 15. Ne4 Qf5 16. Qa4+ Ke7 17. Ng3 Qg6 18. Nh4 Qg5 19. Nhf5+ Kd8 20. Kh1 Nh6
21. Nxh6 Qxh6 22. f4 Rg8 23. Nf5 Qg6 24. Qe4 Kd7 25. fxe5 fxe5 26. Qa4+ c6 27.
dxc6+ bxc6 28. Ng3 Raf8 29. Qh4 d5 30. Qh3+ Kc7 31. Nf5 Bc5 32. Rf3 e4 33. Rg3
Qf7 34. Rxg8 Qxg8 35. Rf1 Qg6 36. g4 Re8 37. Qg3+ Bd6 38. Qf2 c5 39. Nxd6 Kxd6
40. Qf4+ Kc6 41. Qe3 Qxg4 42. b4 d4 43. cxd4 Rg8 44. d5+ Kd7 45. Qf2 e3 46. Qc2
e2 47. Qa4+ Kd8 48. Qa5+ Ke8 49. Qb5+ Qd7 50. Qxe2+ Kd8 51. Qe5 c4 52. Qb8+ Qc8
53. Qxa7 Re8 54. Qd4 Qc7 55. Rc1 Qf7 56. Qb6+ Ke7 57. Qc7+ 1-0

[Event "SR 2. liga A 2007/2008"]
[Site "?"]
[Date "????.??.??"]
[Round "8.7"]
[White "Sosovicka, Matej"]
[Black "Karlik, Lukas"]
[Result "1-0"]
[WhiteElo "1899"]
[BlackElo "1839"]
[Annotator "Jureak"]
[PlyCount "87"]
[EventDate "2007.??.??"]
[WhiteTeam "Slovakia"]
[BlackTeam "Slovakia"]
[WhiteTeamCountry "SVK"]
[BlackTeamCountry "SVK"]

1. e4 d5 2. exd5 Qxd5 3. Nc3 Qa5 4. d4 c6 5. Nf3 Nf6 6. Bc4 Bg4 7. Bd2 Qc7 8.
O-O e6 9. h3 Bxf3 10. Qxf3 Bd6 11. Rfe1 O-O 12. Rad1 Nbd7 13. Bg5 Qa5 14. Bd2
Qb6 15. Bc1 Rad8 16. Qe2 Rfe8 17. a3 Qc7 18. b4 Nb6 19. Bb3 Nbd5 20. Nxd5 exd5
21. Qd3 Ne4 22. c4 f5 23. cxd5 Kh8 24. dxc6 bxc6 25. Qf3 Rf8 26. Be6 Rf6 27.
Bxf5 Rdf8 28. Qxe4 Rxf5 29. Be3 Bh2+ 30. Kh1 Bf4 31. Bxf4 Rxf4 32. Qe3 Qd7 33.
f3 Rxf3 34. Qe6 Qxe6 35. Rxe6 Rxa3 36. Rxc6 h6 37. d5 Re3 38. d6 Ree8 39. Rc7
a6 40. Rc6 Ra8 41. d7 Rfd8 42. Rc7 Kg8 43. Rdc1 Kf7 44. Rc8 1-0

[Event "SR 2. liga A 2007/2008"]
[Site "?"]
[Date "2008.02.03"]
[Round "8.7"]
[White "Zacik, Anton"]
[Black "Vrba, Michal"]
[Result "1/2-1/2"]
[WhiteElo "2106"]
[BlackElo "1975"]
[Annotator ",Kaiko"]
[PlyCount "36"]
[EventDate "2007.??.??"]
[WhiteTeam "Slovakia"]
[BlackTeam "Slovakia"]
[WhiteTeamCountry "SVK"]
[BlackTeamCountry "SVK"]
[TimeControl "240+2"]

{74MB, Hiarcs10.ctg} 1. e4 d6 2. d4 Nf6 3. Nc3 Nbd7 4. Nf3 e6 5. Bd3 Be7 6. O-O
e5 7. Bg5 O-O 8. dxe5 Nxe5 9. Nxe5 dxe5 10. Qe2 c6 11. h3 Be6 12. Rad1 Qc7 13.
Bc4 Bxc4 14. Qxc4 Rad8 15. Bxf6 Bxf6 16. Nd5 Qd6 17. Nxf6+ Qxf6 18. c3 g6
1/2-1/2

[Event "SR 2. liga A 2007/2008"]
[Site "?"]
[Date "2008.02.03"]
[Round "8.8"]
[White "Czucz, Andrej"]
[Black "Srna, Jan"]
[Result "1-0"]
[WhiteElo "1916"]
[BlackElo "2017"]
[Annotator ",Kaiko"]
[PlyCount "55"]
[EventDate "2007.??.??"]
[WhiteTeam "Slovakia"]
[BlackTeam "Slovakia"]
[WhiteTeamCountry "SVK"]
[BlackTeamCountry "SVK"]
[TimeControl "240+2"]

{74MB, Hiarcs10.ctg} 1. c4 f5 2. Nf3 e6 3. d4 d5 4. Nc3 c6 5. c5 Nd7 6. Bf4
Ngf6 7. e3 Be7 8. Be2 O-O 9. Ng5 Nb8 10. Nf3 Ne4 11. Nxe4 fxe4 12. Ne5 Nd7 13.
O-O Bf6 14. Nxd7 Qxd7 15. Bg4 Qe8 16. Bd6 Rf7 17. f4 exf3 18. Rxf3 e5 19. Bxc8
Rxc8 20. dxe5 Bxe5 21. Rxf7 Bxd6 22. Rxb7 Bxc5 23. Qg4 Bxe3+ 24. Kh1 g6 25. Qh3
h6 26. Rf1 Rd8 27. Rff7 Bd4 28. Rfe7 1-0